1053 1881 1585 1977 1977 1948 1169 1803 1417 1333 1954 1213 1241 1569 1947 1932 1716 1278 1502 1006 1409 1350 1125 1491 1075 1743 1950 1016 1353 1725 1463 1299 1469 1480 1832 1449 1440 1818 1952 1108 1133 1055 1807 1274 1658 1459 1656 1300 1335 1096 1265 1406 1345 1271 1533 1324 1230 1750 1452 1195 1022 1232 1412 1804 1313 1914 1446 1284 1544 1088 1935 1743 1793 1201 1516 1356 1050 1218 1121 1209 1923 1012 1442 1159 1852 1062 1660 1951 1298 1698 1548 1354 1642 1061 1594 1197 1393 1885 1507 BCNSPRNW ULIB Ver.6.0+V

เปลี่ยนเป็นภาษาไทย

Change to English
 แสดงรายละเอียดบรรณานุกรม
  กลับหน้าหลัก

Brief Record : Get Marc (ISO 2709) : E-mail record : QR code < ปิดหน้าต่าง
LEADER : 00000nam 2200000uu 4500
001    13399121444
003     ULIB
008    110608s2546 th 000 0 tha d
020    ^a9789749167298
090    ^aรส.^bอ647บ 2546
100 0  ^aอารมณ์ พงศ์พงัน
245 10 ^aบ้านเกิดและงานคัดสรร /^cอารมณ์ พงศ์พงัน
250    ^aพิมพ์ครั้งที่ 1
260    ^aกรุงเทพฯ :^bมูลนิธิสถาบันวิชาการ 14 ตุลา,^c2546
300    ^a145 หน้า ;^c21 ซม.
490 0  ^aหนังสือชุด''ตุลาวรรณกรรม''
500    ^aฉลองครบรอบ 30 ปี 14 ตุลา : 2516-2546 ร่วมวาระประวัติศาสตร์''''วัน 14 ตุลา ประชาธิปไตย''''
600 04 ^aอารมณ์ พงศ์พงัน,^d2489-2523^xผลงาน
650  4 ^aกวีนิพนธ์^zไทย
650  4 ^aความเรียง^xรวมเรื่อง
650  4 ^aจดหมาย
650  4 ^aเรื่องสั้น^zไทย
710 2  ^aมูลนิธิสถาบันวิชาการ 14 ตุลา
945    ^p0^l0^i14351
995    ^aกัณชพร
999    ^aกัณชพร
รายการนี้ยังไม่มีแท็ก
คุณยังไม่ได้ล็อกอิน คุณสามารถมีกิจกรรมร่วมกับเว็บไซต์ได้ แต่ต้องล็อกอินก่อน ::
  ล็อกอิน

รายการสื่อสารสนเทศ

ลำดับที่ ประเภท เลขเรียก/บาร์โค้ด สถานที่ สถานะ
1. นวนิยาย
นวนิยาย
รส. อ647บ 2546  
  Barcode: 14351
ห้องสมุดวิทยาเขตสวรรค์ประชารักษ์
►นวนิยาย
บนชั้น
  ขอยืม

รายการใกล้เคียง
    หัวเรื่อง [จดหมาย]

BibComment


ยังไม่เคยถูกคอมเมนท์

คอมเมนท์ทรัพยากรรายการนี้
  คอมเมนท์: บ้านเกิดและงานคั..


 Copyright 2026. Bcnsprnw @Library